000
00204 a2200097 4500
001
46782
100
_a
Eehlen R
245
_a
the gehlen memories
260
_a
London
_b
Collins
_c
090
_c
29876
_d
29876
942
_a
NUST-CAE
_c
M
_c
22086
999
_c
281855
_d
281855